Texas Multiple Choice - Statistics

General Stats
  • This quiz has been taken 218 times
    216 since last reset
  • The average score is 10 of 15
Answer Stats
Question Answer % Correct
Which of these states does NOT border Texas? Kansas
100%
True or False: All of Texas is in Tornado Alley False
91%
Which of these presidents was NOT born in Texas? Jimmy Carter
91%
What is the nickname for Texas? The Lone Star State
91%
What is the largest city in Texas? Houston
82%
Which of these countries never ruled over Texas? United Kingdom
82%
Which of these Mexican States does border Texas? Chihuahua
73%
What are the colors of the Texan flag? Red, White and Blue
73%
Which of these is not a college in Texas? Texas Independent at Austin
73%
What is the largest religious group in Texas? Protestant
55%
Which of these deserts is in Texas? Chihuahuan
45%
True or False: Texas has one of the 10 lowest population densities in the US False
36%
Which of these singers was NOT born in Texas? Post Malone
36%
Around what percent of Texans speak Spanish? 27%
27%
What state holds the longest border with Texas? Oklahoma
18%
No matching quizzes found
Score Distribution
Percent of People with Each Score
Percentile by Number Answered
Your Score History
You have not taken this quiz since the last reset